Spon's External Works and Landscape Price Book 2012 (Record no. 114686)

MARC details
000 -LEADER
fixed length control field 01038cad a22001935a 4500
001 - CONTROL NUMBER
control field L157266
008 - FIXED-LENGTH DATA ELEMENTS--GENERAL INFORMATION
fixed length control field 100201s2012 xxk f 000 0 eng d
020 ## - INTERNATIONAL STANDARD BOOK NUMBER
International Standard Book Number 9780203157091
035 ## - SYSTEM CONTROL NUMBER
System control number (Sirsi) u157266
041 0# - LANGUAGE CODE
Language code of text/sound track or separate title eng
245 00 - TITLE STATEMENT
Title Spon's External Works and Landscape Price Book 2012
Medium [archived]
260 ## - PUBLICATION, DISTRIBUTION, ETC.
Name of publisher, distributor, etc. Taylor & Francis Ltd
Date of publication, distribution, etc. 2012
350 ## - PRICE (NR) (BK AM CF MU VM SE) [OBSOLETE]
Price 155.25
520 ## - SUMMARY, ETC.
Summary, etc. Ebook including material and measured work prices covering contract items from preliminaries and site clearance and encompassing every external works activity with full breakdowns into labour, materials and other components. Detailed guidance on wage rates, landscape consultants' fee scales. Extensive Approximate Estimates section for rapid spot estimating.
520 ## - SUMMARY, ETC.
Summary, etc. This item is archived on VLEBooks. Please contact [email protected] if you would like this title reactivated. Note we do not have more recent editions of this title available digitally.
651 #4 - SUBJECT ADDED ENTRY--GEOGRAPHIC NAME
Geographic name ENGLAND AND WALES
710 1# - ADDED ENTRY--CORPORATE NAME
Corporate name or jurisdiction name as entry element Davis Langdon
Relator term Editor
9 (RLIN) 4649
942 ## - ADDED ENTRY ELEMENTS (KOHA)
Suppress in OPAC 0
Source of classification or shelving scheme Dewey Decimal Classification
Holdings
Withdrawn status Lost status Source of classification or shelving scheme Damaged status Not for loan Home library Current library Shelving location Date acquired Total Checkouts Full call number Barcode Date last seen Copy number Price effective from Koha item type
    Dewey Decimal Classification     Virtual Virtual Books 08/10/2012   EBOOK 157266-2001 06/08/2019 1 06/08/2019 Book